000 00455nam a2200193Ia 4500
005 20250603145526.0
008 250603s9999 xx 000 0 und d
020 _a0072392665
050 _aTP 155.5 .P4/
100 _aPeters, Max S.
245 0 _aPlant design and economics for chemical engineers
250 _a5th ed.
260 _aNew York
260 _bMcGraw-Hill
260 _c2003
300 _a988 p
650 _aNew York
942 _cBK
999 _c42115
_d42115